Raices internas de Navia y Vellozia (Registro nro. 15322)

Detalles MARC
000 -CABECERA
Campo de control 002920000a22001090004500
090 ## - CLASIFICACIÓN LOCAL
Colección AS
Consecutivo Seriadas
041 0# - IDIOMA
Código de idioma para texto/pista de sonido o título separado
100 1# - ASIENTO PRINCIPAL--NOMBRE PERSONAL
Nombre personal Weber, Hans
245 10 - MENCION DE TITULO
Título Raices internas de Navia y Vellozia
773 1# - Item fuente:
Título Mutisia: Acta Botánica Colombiana
Especificación de materiales 893
Descripción física 13
Paginas del Articulo 1-7
Lugar, editorial y fecha de publicación 1953
942 ## - ELEMENTOS ADICIONALES (KOHA)
Tipo de ítem Artículo

No hay ítems disponibles.